| 000 | 00483nam a22001817a 4500 | ||
|---|---|---|---|
| 005 | 20230819155802.0 | ||
| 008 | 230817b |||||||| |||| 00| 0 eng d | ||
| 020 | _a978-0-7020-3061-1 | ||
| 041 | _aeng | ||
| 082 | _a616.7 HAM-A | ||
| 100 |
_aHAMBLIN, DAVID L. AND SIMPSON, A HAMISH R W. _98060 |
||
| 245 | _aADAMS'S OUTLINE OF ORTHOPAEDICS | ||
| 250 | _a14TH, ED,.2010 | ||
| 260 |
_aLONDON _bCHURCHILL LIVING STONE _c2010 |
||
| 300 | _a485;p | ||
| 650 |
_aBPT _98061 |
||
| 942 | _cBK | ||
| 999 |
_c8365 _d8363 |
||